| 000 | 00454nam a22001817a 4500 | ||
|---|---|---|---|
| 003 | CEME | ||
| 005 | 20210628210650.0 | ||
| 008 | 210211b xxu||||| |||| 00| 0 eng d | ||
| 020 | _a81-7554-082-6 | ||
| 040 | _c. | ||
| 082 | _a658.409 MAT | ||
| 100 |
_aMattock, John Ehrenborg, Jons _980423 |
||
| 245 | _aHow to be a better negotiator | ||
| 260 |
_aNEW DELHI _bKAGON PAGE _c1999 |
||
| 300 | _a176P | ||
| 650 |
_aNEGOTIATOR _980424 |
||
| 942 |
_cBK _2ddc |
||
| 999 |
_c585361 _d585361 |
||